[Event "BL 8687 Enger-Porz"]
[Site "?"]
[Date "1987.??.??"]
[Round "?.2"]
[White "Fleck, J."]
[Black "Troeger, P."]
[Result "1/2-1/2"]
[WhiteElo "2390"]
[BlackElo "2255"]
[PlyCount "84"]
[EventDate "1987.??.??"]

1. e4 e6 2. d4 d5 3. Nc3 Nf6 4. e5 Nfd7 5. f4 c5 6. Nf3 Nc6 7. Be3 cxd4 8. Nxd4
Nxd4 9. Bxd4 Nb8 10. Bd3 Bd7 11. O-O Qa5 12. Kh1 Bc5 13. Bxc5 Qxc5 14. Qg4 g6
15. Qh4 Qe7 16. Qf2 O-O 17. Nd1 Nc6 18. Ne3 f6 19. exf6 Rxf6 20. Ng4 Rff8 21.
Qe3 a6 22. Rae1 Rae8 23. c3 Bc8 24. Ne5 Nxe5 25. fxe5 Kg7 26. Kg1 Bd7 27. Rxf8
Rxf8 28. Rf1 Be8 29. Rxf8 Kxf8 30. Qf4+ Bf7 31. h4 Kg7 32. Qg5 Qc5+ 33. Kf1 d4
34. h5 dxc3 35. h6+ Kg8 36. bxc3 Qf8 37. Ke2 Be8 38. g3 Bc6 39. Qf4 Qa3 40. Qf6
Qb2+ 41. Ke1 Qc1+ 42. Ke2 Qb2+ 1/2-1/2

[Event "BL 8687 Enger-Porz"]
[Site "?"]
[Date "1987.??.??"]
[Round "?.3"]
[White "Heinbuch, D."]
[Black "Stertenbrink, G."]
[Result "1/2-1/2"]
[WhiteElo "2425"]
[BlackElo "2225"]
[PlyCount "51"]
[EventDate "1987.??.??"]

1. d4 Nf6 2. Nf3 e6 3. a3 c5 4. dxc5 Bxc5 5. e3 d5 6. c4 O-O 7. Be2 dxc4 8.
Bxc4 Qxd1+ 9. Kxd1 a6 10. b4 Be7 11. Bb2 b5 12. Bd3 Bb7 13. Nbd2 Nbd7 14. Ke2
Rac8 15. Rhc1 Rfd8 16. g3 Kf8 17. Nd4 Nb6 18. N4b3 Na4 19. Bd4 Nd7 20. f4 Bf6
21. Be4 Bd5 22. Bxd5 exd5 23. Bxf6 Nxf6 24. Kf3 Nd7 25. Rxc8 Rxc8 26. Rc1
1/2-1/2

[Event "BL 8687 Enger-Porz"]
[Site "?"]
[Date "1987.??.??"]
[Round "?.4"]
[White "Pieper Emden, C."]
[Black "Dresen, U."]
[Result "0-1"]
[WhiteElo "2335"]
[BlackElo "2360"]
[PlyCount "100"]
[EventDate "1987.??.??"]

1. c4 g6 2. Nc3 Bg7 3. g3 d6 4. Bg2 Nf6 5. d3 O-O 6. e4 c5 7. Nge2 Nc6 8. O-O
Bd7 9. h3 Ne8 10. Be3 Nd4 11. Rb1 a5 12. Kh2 Nc7 13. f4 Rb8 14. a4 Bc6 15. b3
f5 16. Bg1 e5 17. Nd5 Bxd5 18. exd5 Nxe2 19. Qxe2 exf4 20. gxf4 Bc3 21. Qc2 Qf6
22. Bf2 Rfe8 23. Rbc1 Bd4 24. Rfe1 b6 25. Qd2 Kf7 26. Bf3 Bb2 27. Rc2 Rxe1 28.
Qxe1 Re8 29. Re2 Rxe2 30. Qxe2 Bc1 31. Kg3 Qc3 32. Qe1 Bd2 33. Qb1 Bc1 34. Qa2
Qxd3 35. Qa1 Qd2 36. Qh8 Qxf4+ 37. Kg2 Ne8 38. Qxh7+ Ng7 39. Qh8 Bb2 40. Qd8
Be5 41. h4 Qh2+ 42. Kf1 Bg3 43. Bxg3 Qxg3 44. Ke2 Qe5+ 45. Kf2 f4 46. Qxb6 Nf5
47. Qc7+ Kf6 48. Qh7 Qe3+ 49. Kg2 Qd2+ 50. Kh3 Qf2 0-1

[Event "BL 8687 Enger-Porz"]
[Site "?"]
[Date "1987.??.??"]
[Round "?.5"]
[White "Gerusel, M."]
[Black "Groenegress, W."]
[Result "1/2-1/2"]
[WhiteElo "2390"]
[BlackElo "2215"]
[PlyCount "67"]
[EventDate "1987.??.??"]

1. d4 d5 2. c4 e6 3. Nc3 Be7 4. Nf3 Nf6 5. Bg5 h6 6. Bh4 O-O 7. e3 b6 8. Bd3
Bb7 9. O-O Nbd7 10. Qe2 c5 11. Rac1 Rc8 12. b3 Ne4 13. Bg3 Nxg3 14. hxg3 cxd4
15. exd4 Nf6 16. Rfd1 Bb4 17. Ne5 Qe7 18. Nb5 Ba8 19. c5 bxc5 20. a3 Bxa3 21.
Nxa3 c4 22. bxc4 Qxa3 23. c5 Qa5 24. Ra1 Qc7 25. Ra6 Nd7 26. f4 Nxe5 27. Qxe5
Qxe5 28. fxe5 Bc6 29. Rxa7 Rb8 30. Ra6 Bb5 31. Bxb5 Rxb5 32. Rda1 Rb4 33. R6a4
Rfb8 34. Rxb4 1/2-1/2

[Event "BL 8687 Karlsruhe-Sindelfingen"]
[Site "?"]
[Date "1987.??.??"]
[Round "?.2"]
[White "Arnold, L."]
[Black "Kabisch, T."]
[Result "1-0"]
[WhiteElo "2305"]
[BlackElo "2270"]
[PlyCount "79"]
[EventDate "1987.??.??"]

1. g3 c5 2. Bg2 Nc6 3. e4 e6 4. f4 g6 5. Nf3 Bg7 6. O-O Nge7 7. c3 O-O 8. d3 b6
9. Qe2 d5 10. Nbd2 Ba6 11. e5 Qd7 12. Re1 Na5 13. Nf1 c4 14. d4 Rab8 15. b4
Nac6 16. g4 Bc8 17. Ng3 f6 18. exf6 Bxf6 19. b5 Nd8 20. Ba3 Rb7 21. Rab1 Nf7
22. Bh3 Nd8 23. Kh1 Kh8 24. f5 Bg7 25. Ng5 Rf6 26. Nxe6 Nxe6 27. fxe6 Qe8 28.
g5 Rf4 29. Rf1 Rxf1+ 30. Qxf1 Ng8 31. Qe2 Qd8 32. Qe3 h6 33. gxh6 Bxh6 34. Qf3
Rh7 35. e7 Qe8 36. Bxc8 Qxc8 37. Re1 Qe8 38. Qxd5 Bf4 39. Qd8 Nf6 40. Re6 1-0

[Event "BL 8687 Karlsruhe-Sindelfingen"]
[Site "?"]
[Date "1987.??.??"]
[Round "?.3"]
[White "Bialas, W."]
[Black "Werner, C."]
[Result "1-0"]
[WhiteElo "2345"]
[BlackElo "2225"]
[PlyCount "57"]
[EventDate "1987.??.??"]

1. Nf3 g6 2. d4 Bg7 3. c4 d6 4. Nc3 Nf6 5. e4 O-O 6. Be2 e5 7. Be3 Ng4 8. Bg5
f6 9. Bh4 c6 10. Qc2 Nd7 11. Rd1 Qe7 12. O-O h5 13. h3 Nh6 14. c5 dxc5 15. dxe5
Nxe5 16. Nxe5 Qxe5 17. Bc4+ Kh8 18. Bg3 Qg5 19. h4 Qg4 20. Ne2 Nf5 21. exf5
Bxf5 22. Bd3 Bxd3 23. Rxd3 Rfe8 24. Nf4 g5 25. hxg5 fxg5 26. Ng6+ Kg8 27. Qxc5
h4 28. Ne7+ Kh8 29. Be5 1-0

[Event "BL 8687 HSK-HSG"]
[Site "?"]
[Date "1987.??.??"]
[Round "?.2"]
[White "Stein, B."]
[Black "Rostalski, W."]
[Result "1/2-1/2"]
[WhiteElo "2405"]
[BlackElo "2265"]
[PlyCount "53"]
[EventDate "1987.??.??"]

1. e4 c5 2. c3 Nf6 3. d3 e6 4. Nf3 Be7 5. Be2 Nc6 6. O-O O-O 7. h3 Qc7 8. Bg5
d5 9. Nbd2 Rd8 10. Qc2 h6 11. Bh4 Nh5 12. Bxe7 Nxe7 13. Rfe1 Nf4 14. Bf1 dxe4
15. dxe4 e5 16. Kh2 Be6 17. g3 Nfg6 18. Bc4 Bxc4 19. Nxc4 Rd7 20. a4 f6 21.
Rad1 Rad8 22. Rxd7 Qxd7 23. Ne3 Qe6 24. Rd1 Rxd1 25. Qxd1 Qa2 26. Qc2 Nf8 27.
Nd2 1/2-1/2

[Event "BL 8687 HSK-HSG"]
[Site "?"]
[Date "1987.??.??"]
[Round "?.3"]
[White "Breyther, R."]
[Black "Wahls, M."]
[Result "1/2-1/2"]
[WhiteElo "2335"]
[BlackElo "2460"]
[PlyCount "86"]
[EventDate "1987.??.??"]

1. e4 c5 2. Nf3 Nc6 3. d4 cxd4 4. Nxd4 g6 5. c4 Bg7 6. Be3 Nf6 7. Nc3 O-O 8.
Be2 b6 9. O-O Bb7 10. Nb3 d6 11. Rc1 Rc8 12. f4 e6 13. Bf3 Qe7 14. Re1 Rfd8 15.
Kh1 Qf8 16. Qe2 Ba6 17. Nb5 e5 18. Red1 Qe7 19. f5 gxf5 20. Bg5 Qe6 21. exf5
Qxf5 22. Bxf6 Qxf6 23. Rf1 Qe7 24. Bd5 Rf8 25. Qh5 e4 26. Rce1 e3 27. Rf4 h6
28. Re4 Ne5 29. R4xe3 Bxb5 30. cxb5 Qg5 31. Qxg5 hxg5 32. Rg3 g4 33. h3 Bf6 34.
Re4 Kg7 35. hxg4 Rh8+ 36. Kg1 Ng6 37. Rf3 Rhf8 38. Re2 Ne5 39. Rh3 Ng6 40. Rf3
Ne5 41. Rg3 Ng6 42. Rf3 Ne5 43. Rh3 Ng6 1/2-1/2

[Event "BL 8687 HSK-HSG"]
[Site "?"]
[Date "1987.??.??"]
[Round "?.4"]
[White "Schulte, O."]
[Black "Dankert, P."]
[Result "1/2-1/2"]
[WhiteElo "2325"]
[BlackElo "2285"]
[PlyCount "115"]
[EventDate "1987.??.??"]

1. d4 Nf6 2. c4 e6 3. Nf3 b6 4. Nc3 d5 5. cxd5 exd5 6. Bf4 Bd6 7. Ne5 O-O 8. e3
Bb7 9. Bd3 Re8 10. O-O a6 11. Qf3 Nbd7 12. Qg3 Nf8 13. Bh6 Ng6 14. Bxg6 hxg6
15. Bg5 Qc8 16. f4 Nh7 17. Bh4 Nf8 18. Rf2 Qf5 19. Qf3 Qh5 20. Qh3 f6 21. Nd3
Bc8 22. Qg3 g5 23. Bxg5 fxg5 24. Nxd5 Bb7 25. Nc3 Ne6 26. Ne2 c5 27. Ne5 cxd4
28. exd4 gxf4 29. Nxf4 Nxf4 30. Rxf4 Bd5 31. Re1 Rf8 32. Rg4 Ra7 33. Rg5 Qe8
34. Qh4 Be7 35. Ng6 Qxg6 36. Rxe7 Qf6 37. Re1 Bc4 38. h3 Rd7 39. Re4 Bxa2 40.
Kh1 Bc4 41. Qg4 Rc7 42. Kh2 Bd5 43. Rxd5 b5 44. Re6 Qf4+ 45. Qxf4 Rxf4 46. Rxa6
b4 47. Kg3 Re4 48. Rb6 Rc4 49. b3 Rc3+ 50. Kh2 Rxb3 51. Rd8+ Kh7 52. d5 Rb2 53.
Rdd6 Ree2 54. Rg6 b3 55. Rg3 Red2 56. Rbxb3 Rxb3 57. Rxb3 Rxd5 58. Rb6 1/2-1/2

[Event "BL 8687 HSK-HSG"]
[Site "?"]
[Date "1987.??.??"]
[Round "?.5"]
[White "Kunsztowicz, U."]
[Black "Wegner, H."]
[Result "1/2-1/2"]
[WhiteElo "2325"]
[BlackElo "2300"]
[PlyCount "52"]
[EventDate "1987.??.??"]

1. d4 Nf6 2. c4 c5 3. d5 b5 4. cxb5 a6 5. bxa6 g6 6. Nc3 Bxa6 7. e4 Bxf1 8.
Kxf1 d6 9. g3 Bg7 10. Kg2 O-O 11. Nf3 Nbd7 12. h3 Qa5 13. Re1 Rfb8 14. Re2 Rb7
15. Rc2 Ne8 16. Bd2 Nc7 17. Ne2 Qa4 18. Nc3 Qa5 19. Ne2 Qa4 20. Nc3 Qa7 21. a4
Qa6 22. Ra3 Rab8 23. Bc1 Rb3 24. Rxb3 Rxb3 25. Bf4 Qa5 26. Re2 Qb4 1/2-1/2

[Event "BL 8687 HSK-HSG"]
[Site "?"]
[Date "1987.??.??"]
[Round "?.7"]
[White "Muender, M."]
[Black "Behrhorst, F."]
[Result "1/2-1/2"]
[WhiteElo "2280"]
[BlackElo "2325"]
[PlyCount "106"]
[EventDate "1987.??.??"]

1. d4 Nf6 2. Nf3 e6 3. g3 b5 4. Bg2 Bb7 5. O-O Be7 6. b3 d5 7. Ne5 O-O 8. c4
bxc4 9. bxc4 c5 10. Nc3 Nc6 11. cxd5 Nxe5 12. dxe5 Nxd5 13. Nxd5 Bxd5 14. Bxd5
Qxd5 15. Qxd5 exd5 16. Ba3 Rfd8 17. Rac1 Rac8 18. Rc2 Kf8 19. Rfc1 c4 20. Bb2
Ke8 21. Bd4 Bc5 22. Rd1 Ke7 23. f4 Ke6 24. Kf2 f6 25. exf6 gxf6 26. g4 f5 27.
g5 Bxd4+ 28. Rxd4 Kd6 29. h4 Kc5 30. e3 Rd6 31. h5 Rb8 32. Kf3 Rb1 33. Rg2 Rbb6
34. Rgd2 Rb1 35. Rg2 Rf1+ 36. Ke2 Rh1 37. g6 hxg6 38. hxg6 Rh8 39. g7 Rg8 40.
Rd1 Rd7 41. Rdg1 d4 42. exd4+ Rxd4 43. Rg5 Rxf4 44. Ke3 Re4+ 45. Kf3 Re7 46.
Kf4 c3 47. Kxf5 Kc4 48. Kf6 Rc7 49. Rh5 c2 50. Rh8 Rcxg7 51. Rxg8 Rxg8 52. Rxg8
Kd3 53. Rc8 Kd2 1/2-1/2

[Event "BL 8687 HSK-Karlsruhe"]
[Site "?"]
[Date "1987.??.??"]
[Round "?.2"]
[White "Chandler, M."]
[Black "Arnold, L."]
[Result "1-0"]
[WhiteElo "2565"]
[BlackElo "2305"]
[PlyCount "79"]
[EventDate "1987.??.??"]

1. e4 c5 2. Nf3 Nf6 3. e5 Nd5 4. Nc3 e6 5. Nxd5 exd5 6. d4 Nc6 7. dxc5 Bxc5 8.
Qxd5 d6 9. exd6 Qb6 10. Qe4+ Be6 11. Qh4 f6 12. Bd3 O-O-O 13. O-O Rxd6 14. Be3
Bxe3 15. fxe3 Qxe3+ 16. Kh1 Qc5 17. Rae1 Bd7 18. Qg3 g6 19. Nd2 f5 20. Nb3 Qb4
21. a3 f4 22. Rxf4 Qb6 23. h3 Re6 24. Rfe4 Rf6 25. Qe3 Qxe3 26. R4xe3 Rhf8 27.
Kg1 Kc7 28. Nc5 Bc8 29. b4 b6 30. Ne4 Rf5 31. Nc3 R5f7 32. Nd5+ Kd6 33. c4 Bd7
34. Rd1 Nb8 35. Be4 Ba4 36. Rd4 Rf1+ 37. Kh2 Rd1 38. Rxd1 Bxd1 39. Nc3 Rf1 40.
Bd3 1-0

[Event "BL 8687 HSK-Karlsruhe"]
[Site "?"]
[Date "1987.??.??"]
[Round "?.3"]
[White "Werner, C."]
[Black "Stein, B."]
[Result "1/2-1/2"]
[WhiteElo "2225"]
[BlackElo "2405"]
[PlyCount "29"]
[EventDate "1987.??.??"]

1. e4 c5 2. Nf3 e6 3. c3 d5 4. exd5 Qxd5 5. d4 Nf6 6. Be2 cxd4 7. Qxd4 Nc6 8.
Qxd5 Nxd5 9. O-O Be7 10. c4 Ndb4 11. Nc3 Nc2 12. Rb1 N2d4 13. Nxd4 Nxd4 14. Bd3
O-O 15. Be3 1/2-1/2

[Event "BL 8687 HSG-Sindelfingen"]
[Site "?"]
[Date "1987.??.??"]
[Round "?.1"]
[White "Fahnenschmidt, G."]
[Black "Heyken, E."]
[Result "1/2-1/2"]
[WhiteElo "2340"]
[BlackElo "2355"]
[PlyCount "118"]
[EventDate "1987.??.??"]

1. d4 Nf6 2. c4 e6 3. Nf3 d5 4. Nc3 Nbd7 5. Bg5 Bb4 6. cxd5 exd5 7. Rc1 c5 8.
dxc5 Nxc5 9. Qd4 Bxc3+ 10. Qxc3 Nce4 11. Bxf6 Qxf6 12. Qxf6 Nxf6 13. e3 Bd7 14.
Nd4 Ke7 15. f3 Rhc8 16. Rxc8 Rxc8 17. Kd2 Ne8 18. Bd3 Nd6 19. b3 Kf6 20. h4 h5
21. Rc1 Rxc1 22. Kxc1 Bf5 23. Kd2 b6 24. Nb5 Nxb5 25. Bxb5 g5 26. g3 g4 27. f4
Ke7 28. Kc3 Bd7 29. Bd3 f5 30. Kd4 Kd6 31. Ba6 Be6 32. Bb5 Bf7 33. b4 Bg6 34.
Bd3 Bh7 35. Ba6 Bg8 36. a3 Be6 37. Bb7 Bf7 38. Ba6 Be6 39. a4 Bd7 40. a5 Be6
41. Bb7 Bf7 42. Ba6 Be6 43. Bb5 Bf7 44. Ba4 Bg6 45. Bc2 Bh7 46. Bb1 Bg6 47. Bd3
Bh7 48. Ba6 Bg8 49. Bb7 Bf7 50. axb6 axb6 51. Bc8 Be6 52. Ba6 Bg8 53. Bb5 Bf7
54. Ba4 Bg6 55. Bc2 Bh7 56. Bb1 Bg6 57. Bd3 Bh7 58. Ba6 Bg8 59. Bb7 Bf7 1/2-1/2

[Event "BL 8687 HSG-Sindelfingen"]
[Site "?"]
[Date "1987.??.??"]
[Round "?.3"]
[White "Bialas, W."]
[Black "Breyther, R."]
[Result "1-0"]
[WhiteElo "2345"]
[BlackElo "2335"]
[PlyCount "67"]
[EventDate "1987.??.??"]

1. g3 d5 2. Bg2 Nf6 3. Nf3 c6 4. d3 Bg4 5. h3 Bxf3 6. Bxf3 Nbd7 7. O-O g6 8. e4
Bg7 9. Qe2 O-O 10. Bg5 h6 11. Be3 e5 12. c4 d4 13. Bc1 a5 14. Bg2 Nc5 15. b3
Nfd7 16. Nd2 f5 17. exf5 gxf5 18. Rb1 Qf6 19. a3 Rac8 20. Bb2 Qg6 21. b4 axb4
22. axb4 Na4 23. c5 Nxb2 24. Rxb2 e4 25. dxe4 d3 26. Qxd3 Bxb2 27. Qb3+ Rf7 28.
Qxb2 fxe4 29. Nc4 Re7 30. Nd6 Rf8 31. Qb3+ Kh8 32. Re1 Ne5 33. Rxe4 b5 34. Qc3
1-0

[Event "BL 8687 HSG-Sindelfingen"]
[Site "?"]
[Date "1987.??.??"]
[Round "?.4"]
[White "Dankert, P."]
[Black "Gruenenwald, J."]
[Result "0-1"]
[WhiteElo "2285"]
[BlackElo "2290"]
[PlyCount "100"]
[EventDate "1987.??.??"]

1. d4 Nf6 2. c4 g6 3. Nc3 Bg7 4. e4 d6 5. f3 O-O 6. Be3 Nc6 7. Nge2 Rb8 8. Qd2
a6 9. Nf4 e5 10. dxe5 dxe5 11. Qxd8 Rxd8 12. Nfd5 Ne8 13. O-O-O Be6 14. c5 Nd4
15. Bc4 Bf8 16. Bg5 Rd7 17. Nf6+ Nxf6 18. Bxe6 Nxe6 19. Bxf6 Nxc5 20. Kc2 Bg7
21. Bh4 Rd4 22. Nd5 Ne6 23. Nf6+ Kh8 24. Nd7 Rc8 25. Bf6 Bxf6 26. Nxf6 Kg7 27.
Nd5 c6 28. Ne3 Rcd8 29. Kc1 Nf4 30. Kc2 a5 31. b3 Nd3 32. Rhf1 a4 33. Kb1 axb3
34. axb3 Nc5 35. Kc2 b5 36. Rxd4 exd4 37. Ng4 b4 38. Rd1 d3+ 39. Kb2 Ra8 40.
Rc1 d2 41. Rd1 Ra3 42. Rxd2 Rxb3+ 43. Ka2 Ra3+ 44. Kb1 Nd3 45. Ne3 c5 46. Nc4
Rb3+ 47. Kc2 Rc3+ 48. Kd1 b3 49. Na3 c4 50. Nb1 Rc1+ 0-1

[Event "BL 8687 HSG-Sindelfingen"]
[Site "?"]
[Date "1987.??.??"]
[Round "?.5"]
[White "Bauer, P."]
[Black "Kunsztowicz, U."]
[Result "1/2-1/2"]
[WhiteElo "2310"]
[BlackElo "2325"]
[PlyCount "65"]
[EventDate "1987.??.??"]

1. e4 c5 2. Nf3 d6 3. d4 cxd4 4. Nxd4 Nf6 5. Nc3 Nc6 6. Bc4 e6 7. Be3 Be7 8.
Qe2 O-O 9. O-O-O a6 10. Rhg1 Nxd4 11. Bxd4 b5 12. e5 dxe5 13. Bxe5 Qa5 14. Bb3
b4 15. Nb1 Bb7 16. Nd2 Qc5 17. f4 Qc6 18. g4 Nd7 19. Nc4 Nc5 20. Na5 Qb6 21.
Nxb7 Nxb3+ 22. axb3 Qxb7 23. Rg3 Rfd8 24. Rgd3 Rxd3 25. Qxd3 f6 26. Bd4 Rd8 27.
Qe2 Qc6 28. h4 h6 29. h5 Kf7 30. Qd3 Kg8 31. Qe2 Kf7 32. Qd3 Kg8 33. Qe2
1/2-1/2

[Event "BL 8687 Karlsruhe-HSG"]
[Site "?"]
[Date "1987.??.??"]
[Round "?.2"]
[White "Arnold, L."]
[Black "Rostalski, W."]
[Result "1-0"]
[WhiteElo "2305"]
[BlackElo "2265"]
[PlyCount "88"]
[EventDate "1987.??.??"]

1. g3 e5 2. Bg2 Nc6 3. c4 Nf6 4. Nc3 Bb4 5. Nd5 Ba5 6. e3 O-O 7. Ne2 Nxd5 8.
cxd5 Ne7 9. O-O d6 10. a3 Bd7 11. b4 Bb6 12. d4 Ng6 13. Bb2 Re8 14. h3 a5 15.
Kh2 axb4 16. axb4 Bb5 17. Re1 Rxa1 18. Qxa1 Qa8 19. Nc3 Bd7 20. dxe5 Nxe5 21.
Qd1 Nc4 22. Bc1 Qa1 23. Qb3 Ne5 24. Rd1 Qa6 25. Bf1 Qa8 26. Bb2 Qd8 27. Bg2 h6
28. Ne2 Bb5 29. Nd4 Bd7 30. f4 Ng6 31. e4 Bxd4 32. Bxd4 f6 33. Rc1 Bb5 34. Qc2
Re7 35. Bb2 Nh8 36. Bf3 Nf7 37. Bg4 Kh8 38. Be6 Qb8 39. Ra1 Bd7 40. f5 Ne5 41.
Bxe5 fxe5 42. Qa2 Kh7 43. Qa8 Qxa8 44. Rxa8 Be8 1-0

[Event "BL 8687 Karlsruhe-HSG"]
[Site "?"]
[Date "1987.??.??"]
[Round "?.3"]
[White "Breyther, R."]
[Black "Werner, C."]
[Result "1/2-1/2"]
[WhiteElo "2335"]
[BlackElo "2225"]
[PlyCount "52"]
[EventDate "1987.??.??"]

1. e4 e5 2. Nf3 Nc6 3. Bb5 Bc5 4. O-O Nd4 5. Nxd4 Bxd4 6. c3 Bb6 7. d4 c6 8.
Bc4 d6 9. Qb3 Qc7 10. Be3 Nf6 11. dxe5 dxe5 12. Bxb6 axb6 13. Qb4 b5 14. Bd3
Qe7 15. Rd1 Be6 16. Nd2 Ra4 17. Qxe7+ Kxe7 18. a3 Nd7 19. Bc2 Rha8 20. f3 Rd8
21. Kf2 Nc5 22. Nf1 Bb3 23. Bxb3 Nxb3 24. Rab1 Na5 25. Ne3 Nc4 26. Nxc4 bxc4
1/2-1/2

[Event "BL 8687 Sindelfingen-HSK"]
[Site "?"]
[Date "1987.??.??"]
[Round "?.2"]
[White "Eppinger, G."]
[Black "Chandler, M."]
[Result "0-1"]
[WhiteElo "2335"]
[BlackElo "2565"]
[PlyCount "76"]
[EventDate "1987.??.??"]

1. e4 c5 2. Nf3 d6 3. d4 cxd4 4. Nxd4 Nf6 5. Nc3 a6 6. Bc4 e6 7. Bb3 b5 8. Bg5
Be7 9. Qe2 O-O 10. O-O-O Nfd7 11. Be3 b4 12. Na4 Qa5 13. Qg4 Nf6 14. Qh4 Bd7
15. Nf5 exf5 16. Nb6 Nc6 17. Nxa8 Nxe4 18. Qh5 Nf6 19. Qf3 Rxa8 20. Rhe1 Ne4
21. Bf4 Rc8 22. Kb1 Ne5 23. Qe3 Ng6 24. Bg3 Qc7 25. Qd4 a5 26. Rc1 Bf6 27. Qd3
a4 28. Bd5 a3 29. Bxe4 fxe4 30. Qxd6 Qxd6 31. Bxd6 Bxb2 32. Rcd1 Ba4 33. Re2
Rc4 34. Rd5 f5 35. Bc5 Nf4 36. Rxf5 Rxc5 37. Rxf4 Rd5 38. Re1 Rd2 0-1

[Event "BL 8687 Sindelfingen-HSK"]
[Site "?"]
[Date "1987.??.??"]
[Round "?.3"]
[White "Stein, B."]
[Black "Bialas, W."]
[Result "0-1"]
[WhiteElo "2405"]
[BlackElo "2345"]
[PlyCount "62"]
[EventDate "1987.??.??"]

1. e4 c5 2. Nf3 Nc6 3. d4 cxd4 4. Nxd4 g6 5. c4 Bg7 6. Nc2 Nf6 7. Nc3 b6 8. f3
O-O 9. Bg5 h6 10. Be3 e6 11. Qd2 Qe7 12. Be2 Rd8 13. O-O Kh7 14. Rad1 d6 15.
Rfe1 Bb7 16. Bf1 Rd7 17. Bf2 Rad8 18. h3 Qf8 19. Ne3 Nh5 20. Ng4 f5 21. exf5
gxf5 22. Nh2 Be5 23. g4 Qg7 24. Ne2 d5 25. cxd5 Rxd5 26. Qc2 Nb4 27. Qb3 Nd3
28. Rxd3 Rxd3 29. Qxe6 Bxh2+ 30. Kxh2 Rxf3 31. Bh4 Qc7+ 0-1

[Event "BL 8687 Sindelfingen-HSK"]
[Site "?"]
[Date "1987.??.??"]
[Round "?.4"]
[White "Gruenenwald, J."]
[Black "Wahls, M."]
[Result "1-0"]
[WhiteElo "2290"]
[BlackElo "2460"]
[PlyCount "53"]
[EventDate "1987.??.??"]

1. d4 Nf6 2. c4 e6 3. Nf3 c5 4. d5 exd5 5. cxd5 d6 6. Nc3 g6 7. e4 Bg7 8. Bg5
h6 9. Bh4 a6 10. Nd2 b5 11. Be2 O-O 12. Qc2 Nbd7 13. a4 b4 14. Nd1 Re8 15. Ne3
b3 16. Qb1 Rb8 17. O-O Rb4 18. f3 Qc7 19. Ndc4 Nh5 20. Be1 Rb7 21. f4 Nhf6 22.
Bf3 Ra7 23. Bc3 Nh7 24. Qd3 f6 25. e5 dxe5 26. Qxg6 Qd8 27. Nd6 1-0

[Event "BL 8687 Sindelfingen-HSK"]
[Site "?"]
[Date "1987.??.??"]
[Round "?.6"]
[White "Runau, R."]
[Black "Wegner, H."]
[Result "1/2-1/2"]
[WhiteElo "2285"]
[BlackElo "2300"]
[PlyCount "40"]
[EventDate "1987.??.??"]

1. d4 Nf6 2. Nf3 e6 3. Bg5 c5 4. e3 b6 5. c3 Be7 6. Nbd2 O-O 7. Bd3 cxd4 8.
exd4 Ba6 9. Bxa6 Nxa6 10. Qa4 Nb8 11. Bxf6 Bxf6 12. d5 exd5 13. O-O-O Nc6 14.
Nf1 d4 15. cxd4 d5 16. Kb1 Qd6 17. Ne3 Qe6 18. Rhe1 Rfd8 19. Ka1 Rac8 20. h3
Qe4 1/2-1/2

[Event "BL 8687 Regensburg-Enger"]
[Site "?"]
[Date "1987.??.??"]
[Round "?.2"]
[White "Mandl, Ro"]
[Black "Fleck, J."]
[Result "0-1"]
[WhiteElo "2285"]
[BlackElo "2390"]
[PlyCount "82"]
[EventDate "1987.??.??"]

1. e4 c5 2. Nf3 d6 3. d4 cxd4 4. Nxd4 Nf6 5. Nc3 g6 6. Be3 Bg7 7. f3 Nc6 8. Qd2
O-O 9. Bc4 Bd7 10. h4 Rc8 11. Bb3 h5 12. O-O-O Ne5 13. Bg5 Rc5 14. Kb1 b5 15.
Rhe1 Re8 16. f4 Nc4 17. Bxc4 Rxc4 18. e5 b4 19. Ncb5 Nd5 20. Nxd6 Nc3+ 21. Ka1
Qa5 22. bxc3 exd6 23. Nb3 Qa3 24. Qxd6 Be6 25. Qd2 bxc3 26. Qc1 Qa4 27. f5 Bxf5
28. Rd5 Re4 29. Ra5 Qb4 30. a3 Qb7 31. Rxe4 Qxe4 32. Bf6 Bxf6 33. exf6 Qxh4 34.
g3 Qxf6 35. Rxa7 Qb6 36. Ra4 Qf2 37. Rd4 Re1 38. Rd1 Rxd1 39. Qxd1 Bxc2 40.
Qd8+ Kh7 41. Nc1 Qd2 0-1

[Event "BL 8687 Regensburg-Enger"]
[Site "?"]
[Date "1987.??.??"]
[Round "?.3"]
[White "Stertenbrink, G."]
[Black "Speckner, R."]
[Result "1/2-1/2"]
[WhiteElo "2225"]
[BlackElo "2205"]
[PlyCount "101"]
[EventDate "1987.??.??"]

1. e4 e5 2. Nf3 Nc6 3. Bb5 Nd4 4. Nxd4 exd4 5. O-O Bc5 6. d3 Ne7 7. Qh5 Bb6 8.
Bc4 O-O 9. Bg5 Qe8 10. f4 Kh8 11. Bxe7 Qxe7 12. f5 Qf6 13. g4 Qh6 14. Qxh6 gxh6
15. e5 d6 16. exd6 cxd6 17. Nd2 Bd7 18. Ne4 Bc7 19. Bd5 Bc6 20. Bxc6 bxc6 21.
Rae1 d5 22. Nf6 Bd6 23. Re2 a5 24. a4 Kg7 25. Nh5+ Kh8 26. Kg2 Rae8 27. Rfe1
Rb8 28. b3 Bb4 29. Rf1 Rfe8 30. Ng3 Rxe2+ 31. Nxe2 Bc5 32. Rf4 Re8 33. Ng3 Bd6
34. Rf2 Bxg3 35. hxg3 Kg7 36. Kf3 Re3+ 37. Kf4 f6 38. Rd2 Re1 39. Kf3 c5 40.
Re2 Rxe2 41. Kxe2 Kf7 42. Kd2 Ke7 43. c3 dxc3+ 44. Kxc3 Kd6 45. Kd2 Ke5 46. Ke3
Kd6 47. Kf4 Kc6 48. Ke3 Kd6 49. Kf3 Ke5 50. Ke3 Kd6 51. Kf3 1/2-1/2

[Event "BL 8687 Regensburg-Enger"]
[Site "?"]
[Date "1987.??.??"]
[Round "?.6"]
[White "Meister, P."]
[Black "Eising, J."]
[Result "1-0"]
[WhiteElo "2355"]
[BlackElo "2355"]
[PlyCount "91"]
[EventDate "1987.??.??"]

1. d4 g6 2. c4 Bg7 3. Nc3 d6 4. e4 Nd7 5. Nf3 e5 6. Be2 Ngf6 7. O-O O-O 8. Be3
Ng4 9. Bg5 f6 10. Bd2 Nh6 11. b4 Nf7 12. dxe5 dxe5 13. c5 Re8 14. Qc2 c6 15.
Rfd1 Qe7 16. Be3 Nf8 17. Nd2 Be6 18. f3 Bh6 19. Bf2 Bxd2 20. Rxd2 Rad8 21. Rad1
a6 22. Kf1 f5 23. a4 Rxd2 24. Rxd2 Rd8 25. Ke1 Rxd2 26. Qxd2 Nd7 27. Nd5 Qg5
28. Nc7 Qxd2+ 29. Kxd2 Bb3 30. b5 Bxa4 31. bxa6 bxa6 32. exf5 gxf5 33. Bxa6 Nf6
34. Bc8 f4 35. Bh4 Kg7 36. Ne6+ Kg6 37. Nf8+ Kg7 38. Ne6+ Kg6 39. Nf8+ Kg7 40.
Bxf6+ Kxf6 41. Nxh7+ Kg7 42. Bf5 Bb3 43. h4 Bc4 44. Ng5 Kf6 45. Nxf7 Kxf5 46.
Nd6+ 1-0

[Event "BL 8687 Bamberg-Porz"]
[Site "?"]
[Date "1987.??.??"]
[Round "?.3"]
[White "Heinbuch, D."]
[Black "Ruehrig, V."]
[Result "0-1"]
[WhiteElo "2425"]
[BlackElo "2335"]
[PlyCount "62"]
[EventDate "1987.??.??"]

1. c4 g6 2. Nc3 Bg7 3. g3 c5 4. Bg2 Nc6 5. Nf3 e6 6. O-O Nge7 7. d3 O-O 8. Bd2
a6 9. Na4 d6 10. Bc3 e5 11. Bd2 h6 12. Nc3 Be6 13. Ne1 b5 14. Nd5 Rb8 15. Rb1
f5 16. b3 Qd7 17. f4 bxc4 18. dxc4 e4 19. Nxe7+ Nxe7 20. Rc1 d5 21. cxd5 Nxd5
22. Nc2 Rfd8 23. Qe1 Rbc8 24. Ba5 Re8 25. e3 c4 26. bxc4 Rxc4 27. Qd2 Rec8 28.
Rfd1 Qa4 29. Nd4 Rxc1 30. Rxc1 Rxc1+ 31. Qxc1 Bxd4 0-1

[Event "BL 8687 Bamberg-Porz"]
[Site "?"]
[Date "1987.??.??"]
[Round "?.4"]
[White "Kestler, H."]
[Black "Schulz, KJ."]
[Result "1/2-1/2"]
[WhiteElo "2390"]
[BlackElo "2440"]
[PlyCount "100"]
[EventDate "1987.??.??"]

1. Nf3 Nf6 2. g3 c5 3. Bg2 Nc6 4. O-O e5 5. c4 d5 6. cxd5 Nxd5 7. Nc3 Nc7 8. d3
Be7 9. Be3 O-O 10. Rc1 Bd7 11. a3 Rc8 12. Nd2 Ne6 13. Nc4 Ned4 14. Bxd4 exd4
15. Ne4 Be6 16. Ncd2 b6 17. Nf3 Bd5 18. Ned2 Qd7 19. Qa4 Qb7 20. Qc2 Rfe8 21.
Rfe1 Bf8 22. Nh4 Ne7 23. Nc4 Ng6 24. Bxd5 Qxd5 25. Nxg6 hxg6 26. Nd2 g5 27. Qc4
Qf5 28. Nf1 Rcd8 29. Rcd1 Re6 30. Qc2 Rf6 31. e4 dxe3 32. Nxe3 Qh7 33. Nf1 Rfd6
34. Re3 Qf5 35. b3 g6 36. Qe2 Qd7 37. g4 b5 38. Ng3 Rd4 39. Ne4 Be7 40. Ng3 Kf8
41. Re1 Bf6 42. Ne4 Be7 43. Ng3 Bf6 44. Ne4 Be7 45. Ng3 Bf6 46. Rf3 Rf4 47.
Rxf4 gxf4 48. Ne4 Bd4 49. Qf3 Qc7 50. Ng5 Kg7 1/2-1/2